|
|
|
|
| LEADER |
00000nab a2200000 a 4500 |
| 001 |
vtls008878706 |
| 003 |
SK-MaSNL |
| 005 |
20260304144924.0 |
| 008 |
250505c2006 xo qr|p|||||||000 b|slo |
| 015 |
|
|
|a SNBRB2006/11
|2 snkbucl
|
| 035 |
|
|
|a (uuid)f03bb7b1-695b-43c0-8820-a68f5f49b3ac
|
| 035 |
|
|
|a urn:nbn:sk:snk-ab2e7r
|
| 035 |
|
|
|a (urnnbn)urn:nbn:sk:snk:ar-a028pa
|
| 038 |
|
|
|a SNKBUCL
|
| 040 |
|
|
|a SNKBUCL
|b slo
|c SNKBUCL
|e AACR2
|
| 041 |
0 |
|
|a slo
|b eng
|
| 044 |
|
|
|a xo
|c SK
|
| 080 |
|
|
|a 657.372.2
|2 1997
|
| 080 |
|
|
|a 347.72.033
|2 1997
|
| 100 |
1 |
|
|a Hrvoľová, Božena
|4 aut
|9 291305
|
| 245 |
1 |
0 |
|a Model CAPM v procese ohodnocovania majetku
|c Božena Hrvoľová
|
| 300 |
|
|
|b Tab.
|
| 504 |
|
|
|a Bibliogr. odkazy
|
| 546 |
|
|
|a Res. angl.
|
| 650 |
0 |
7 |
|a podniky
|2 snkbucl
|9 923
|
| 650 |
0 |
7 |
|a hodnota majetku
|2 snkbucl
|9 736645
|
| 650 |
0 |
7 |
|a odhad
|2 snkbucl
|9 742548
|
| 650 |
0 |
7 |
|a model CAPM
|2 snkbucl
|9 1466925
|
| 773 |
0 |
|
|t Ekonomické rozhľady = Economic Review
|g Roč. XXXV., č. 4 (2006), s. 445-454
|x 0323-262X
|
| 850 |
|
|
|a Slovenská národná knižnica
|
| 852 |
|
|
|a Slovenská národná knižnica
|
| 954 |
|
|
|a odborná, vedecká literatúra pôvodná (slovenská)
|2 lita
|
| 958 |
|
|
|a article27
|
| 958 |
|
|
|a NB
|
| 958 |
|
|
|a OND
|
| 958 |
|
|
|a EUIPO
|
| 999 |
|
|
|c 2933895
|d 2935825
|